| 000 | 00772nam a22001817a 4500 | ||
|---|---|---|---|
| 005 | 20251108172109.0 | ||
| 008 | 250721s2003 xx 000 0 ara d | ||
| 082 | 1 | 4 | _a307.309561/مبا |
| 100 | 1 |
_aمبارك، محمد _eمؤلف |
|
| 245 | 1 | 0 |
_aتركيب المجتمع السوري : رؤية إسلامية مبكرة لحل الاشكال ,العرقي ,الطائفي , الحزبي في سوريا : _bرؤية إسلامية مبكرة لحل الأشكال العرقي ، الطائفي ، الحزبي في سوريا / |
| 264 | 1 |
_aعمان : _bدار عمار للنشر والتوزيع، _c2003. |
|
| 300 | _a116ص. | ||
| 650 | 1 | 7 | _aالمجتمع |
| 650 | 1 | 7 | _aتاريخ سورية |
| 650 | 1 | 7 | _aالإسلام |
| 942 |
_2ddc _cBK |
||
| 999 |
_c70376 _d70376 |
||